000 00356nam a2200133Ia 4500
008 230917s9999||||xx |||||||||||||| ||und||
040 _e94678
_aMAIN
041 _aEnglish
082 _a616.01 A13B
100 _aAjay Kumar
245 0 _aBiochemical finger printing of klebsiella penumoniae derived from different sources
300 _a88 p.
942 _cTH
999 _c50643
_d50643